| 000 -LEADER |
| fixed length control field |
00948nmm a2200277 a 4500 |
| 001 - CONTROL NUMBER |
| control field |
ocm000645377 |
| 003 - CONTROL NUMBER IDENTIFIER |
| control field |
TR-IsHL |
| 005 - DATE AND TIME OF LATEST TRANSACTION |
| control field |
20201028141102.0 |
| 008 - FIXED-LENGTH DATA ELEMENTS--GENERAL INFORMATION |
| fixed length control field |
131219s2010 tu tur |
| 007 - PHYSICAL DESCRIPTION FIXED FIELD--GENERAL INFORMATION |
| fixed length control field |
cr cn |
| 020 ## - INTERNATIONAL STANDARD BOOK NUMBER |
| International Standard Book Number |
9786055575748 |
| 035 ## - SYSTEM CONTROL NUMBER |
| System control number |
645377 |
| -- |
(N$T) |
| 050 04 - LIBRARY OF CONGRESS CALL NUMBER |
| Classification number |
NC1660.T9 |
| Item number |
S34 2010 |
| 090 04 - LOCALLY ASSIGNED LC-TYPE CALL NUMBER (OCLC); LOCAL CALL NUMBER (RLIN) |
| Classification number (OCLC) (R) ; Classification number, CALL (RLIN) (NR) |
NC1660.T9 |
| Local cutter number (OCLC) ; Book number/undivided call number, CALL (RLIN) |
S34 2010 |
| 100 1# - MAIN ENTRY--PERSONAL NAME |
| Personal name |
Schreiber, Ellen |
| 245 10 - TITLE STATEMENT |
| Title |
Vampir öpücükleri: kan akrabaları 3 |
| Medium |
[electronic resource] / |
| Statement of responsibility, etc. |
Ellen Schreiber ; uyarl.D. M. Charkalis ; çiz. P. Hamby ; çev. Eray Elmacı |
| 260 ## - PUBLICATION, DISTRIBUTION, ETC. |
| Place of publication, distribution, etc. |
İstanbul : |
| Name of publisher, distributor, etc. |
Arunas Yayıncılık, |
| Date of publication, distribution, etc. |
2010 |
| 300 ## - PHYSICAL DESCRIPTION |
| Extent |
179 p. |
| 650 #4 - SUBJECT ADDED ENTRY--TOPICAL TERM |
| Topical term or geographic name entry element |
Dil ve Edebiyat |
| 650 #4 - SUBJECT ADDED ENTRY--TOPICAL TERM |
| Topical term or geographic name entry element |
Language and Literature |
| 650 #0 - SUBJECT ADDED ENTRY--TOPICAL TERM |
| Topical term or geographic name entry element |
Çizgi roman |
| 650 #0 - SUBJECT ADDED ENTRY--TOPICAL TERM |
| Topical term or geographic name entry element |
Comics |
| 650 #7 - SUBJECT ADDED ENTRY--TOPICAL TERM |
| Topical term or geographic name entry element |
JUVENILE FICTION / Comics & Graphic Novels / General |
| Source of heading or term |
bisacsh |
| 700 1# - ADDED ENTRY--PERSONAL NAME |
| Personal name |
Charkalis, D. M |
| 856 40 - ELECTRONIC LOCATION AND ACCESS |
| Uniform Resource Identifier |
<a href="http://search.ebscohost.com/login.aspx?direct=true&scope=site&db=e011xww&AN=645377">http://search.ebscohost.com/login.aspx?direct=true&scope=site&db=e011xww&AN=645377</a> |